Fragen aus der Wissenschaft - Buchstabe W - Statistiken

Allgemein
  • Dieses Quiz wurde 88 mal gespielt
  • Das Durchschnittsergebnis liegt bei 8 aus 20
Antwortstatistiken
Hinweis Antwort % Korrekt
Häufigstes und einfachstes Element im Weltraum Wasserstoff
87%
Übereinstimmung von Aussage und Wirklichkeit Wahrheit
81%
Lebewesen, das von einem Parasiten befallen wird Wirt
81%
Hemmung des elektrischen Stroms - Maßeinheit: Ohm Widerstand
75%
Zunahme von Größe oder Masse Wachstum
68%
Schottischer Erfinder der Dampfmaschine James Watt
66%
Biologisch aktiver Bestandteil eines Medikaments Wirkstoff
58%
Systematische Suche nach Erkenntnis - Quizthema Wissenschaft
58%
Hypothetische Abkürzung durch die Raumzeit Wurmloch
42%
Maß für die Drehung zwischen zwei Linien Winkel
41%
Westinghouse und Tesla setzten sich mit dieser Technik durch Wechselstrom
34%
Dt. Maschinenbauer und Erfinder eines Verbrennungsmotors Felix Wankel
32%
US-amerikanischer Biochemiker - Aufklärung der DNA-Struktur James Watson
24%
Niederländ. Physiker - Schwache Kräfte zwischen Molekülen Johannes Diderik van der Waals
22%
Dt. Meteorologe und Polarforscher - Kontinentalverschiebung Alfred Wegener
16%
Fundamentale Naturkonstante h in der Quantenphysik (Planck) Wirkungsquantum
15%
Deutscher Ökonom und Gründer der modernen Soziologie Max Weber
8%
Deutscher Quantenphysiker, Philosoph und Friedensforscher Carl Friedrich von Weizsäcker
4%
Finnischer Arzt - Namensgeber einer Blutkrankheit und Proteins Erik Adolf von Willebrand
4%
Österreichisch-brit. Philosoph - Philosophische Untersuchungen Ludwig Wittgenstein
3%
Keine übereinstimmenden Quizze gefunden
Verteilung der Resultate
Anzahl Personen mit jedem Resultat
Perzentil nach korrekt beantworteten Fragen
Ihre Resultats-Entwicklung
Sie haben dieses Quiz noch nicht gespielt